LEADER 00591nam a2200169 i 4500 001 000000160848 003 CaOOAMICUS 005 20260424122557.0 008 070418n it u000 u ita u 040 $aSeMil$bita 245 10$aVol. 2. 300 $a262 p. 773 0 $aDella Corte, Andrea <1883-1968>$tOpera comica italiana nel '700.$dBari : Laterza & Figli, 1923.$kBiblioteca di cultura moderna$w()17643 850 $aSeMil 852 $aSeMil$W1$xVenegono$y1$m1O II 8/2$j270906$B112297$CSeMilBibl$Z2$F122459 $81 996 $6245$aVol. 2$9(OLS)http://semarc/title/13458